[Event "Alushta"]
[Site "Alushta"]
[Date "1999.03.11"]
[Round "9"]
[White "Kuzmin, Gennadi P"]
[Black "Miles, Anthony John"]
[Result "1-0"]
[WhiteElo "2546"]
[BlackElo "2609"]
[Annotator "Finkel,A"]
[PlyCount "95"]
[EventDate "1999.03.03"]
[EventType "tourn"]
[EventRounds "11"]
[EventCountry "UKR"]
[EventCategory "10"]
[SourceTitle "CBM 070"]
[Source "ChessBase"]
[SourceDate "1999.06.08"]
[SourceVersion "1"]
[SourceVersionDate "1999.06.08"]
[SourceQuality "1"]

1. e4 Nf6 2. e5 Nd5 3. d4 d6 4. Nf3 dxe5 5. Nxe5 g6 6. Bc4 c6 7. Nc3 Bg7 8. h4
$6 {Kuzmin is famous for his original style,but this move seems to be "too
original" for me.After move in the game black easily equalizes,while after
theoretical 8.Qf3 he has to work hard to reach an equality:} (8. Qf3 $5 Be6 9.
O-O O-O 10. Ne4 Nc7 11. Bxe6 Nxe6 12. c3 Nd7 13. Nd3 Qa5 14. Re1 $14 {Hartston,
W-McKay,R/BCF-ch 1973 (34)}) (8. Nxd5 $6 cxd5 9. Bb5+ Bd7 10. Bd3 Nc6 11. Nxd7
Qxd7 12. c3 O-O 13. O-O Rac8 $11 {Xie Jun-Hort,V/London Women-Veterans 1996 
(21)}) (8. O-O O-O 9. Ne4 Qc7 10. Nf3 Bg4 11. c3 Nd7 12. h3 Bxf3 13. Qxf3 N7b6
14. Bb3 $14 {Markovic,M-Djuravcevic,N/JUG-chT Cetinje 1990}) 8... Nd7 $1 9.
Bxd5 cxd5 10. Bf4 Nxe5 11. Bxe5 Bxe5 ({Deserved attention} 11... f6 $5 12. Bg3
Bf5 13. Qe2 O-O $132 {with complicated struggle.}) 12. dxe5 d4 13. Ne2 Qa5+ 14.
Qd2 Qxe5 15. O-O-O d3 $1 $11 {Forcing the exchange of queens.} (15... O-O $6) (
15... Bd7 $5 16. Nxd4 O-O-O $6 17. Rhe1 Qf6 18. Re3 $1 {[%cal Ge3d3,Gd4f3]}
Qxh4 $6 19. Rd3 {[%cal Gd1d8]} e6 20. Nf3 $1 Qe7 21. Qa5 $36) 16. Qxd3 Bf5 17.
Qd4 Rc8 $1 18. Rd2 (18. Qxe5 $2 Rxc2+ 19. Kb1 Rxe2+ 20. Qxf5 gxf5 $17) 18...
Qxd4 19. Nxd4 Bd7 {The position is absolutely equal and a draw seems to be not
far away,but the main events are still to come.} (19... Be4 $6 20. f3 Bd5 21.
b3 $14) 20. Re1 Rc7 ({Of course not} 20... f6 $2 21. Rde2 e5 22. f4 Rc4 23. c3
$16 {losing a pawn.}) 21. b3 a6 $5 ({Deserved attention} 21... f6 $5 22. Rde2
Bc6 23. Nxc6 bxc6 24. Re4 Kf7 25. Ra4 Rd8 26. Ree4 $132 {with mutual chanses.})
22. Kb2 e6 $6 (22... f6 23. Rde2 Bc8 24. a4 Kf7 25. f4 Rd8 26. c3 Bg4 27. Re3
h5 28. a5 Rd6 $11) 23. c4 b5 $2 {This move is obvious strategical mistake and
it's very hard for me to understand how the player of Miles' level could make
such a move.} (23... Ke7 $5 24. g4 h6 $5 (24... h5 $6 25. g5 Rd8 26. a4 (26. f4
$5) 26... Bc6 27. a5 $14) 25. f4 Rc5) 24. cxb5 axb5 25. Re5 $1 Rb7 26. b4 $14 {
[%csl Ra5,Rc5,Rd7][%cal Gd4b3,Gb3c5]} Ke7 27. Nb3 Rb6 (27... Ra7) (27... Rhb8
$5) 28. Nc5 Rd8 29. g4 Bc6 30. Rxd8 Kxd8 31. Re3 $1 {[%cal Ge3a3,Ga3a7]
Transferring the rook to a7 from where it may cause black serious
inconvinience.} Ke7 32. Ra3 Rb8 33. Ra7+ Kf8 34. Rc7 $1 Be8 35. Ne4 $1 $16 {
Move by move white transfers his pieces to more active positions.Now the
knight is aiming for f6.} h6 36. g5 h5 37. Nf6 Rd8 38. a3 Rd2+ 39. Kc1 Rd8 (
39... Rd6 40. Kc2 (40. Ra7 Bc6) 40... Rc6+ (40... Bc6 41. f4 $16) 41. Rxc6 Bxc6
42. f4 (42. Kd3 e5) 42... Ke7 43. Kd3 Kd6 44. Kd4 Bg2 $5 45. Ne4+ Kc6 (45...
Bxe4 46. Kxe4 Kc6 47. Kd4 (47. Ke5 Kd7 48. Kf6 Ke8) 47... Kd6 48. Kc3 Kd5 49.
Kb3 Ke4 50. a4 bxa4+ 51. Kxa4 Kxf4 52. b5 Ke5 53. b6 Kd6 54. Ka5 Kd7 55. Ka6
Kc8 56. Ka7 $18) 46. Nc3 Bf1 47. Ke5 Kd7 48. Kf6 Ke8 49. Ne4 $18) 40. Kc2 $18
Kg7 41. Rc5 Kf8 (41... Rb8 42. Nxe8+ Rxe8 43. Rxb5 $18) 42. Kc3 $22 {Black
faces unpleasent choise:whether to give up the pawn on b5,whether to let the
white king to penitrate to d6!} Rb8 43. Kd4 Ke7 44. Ke5 Ra8 45. Rc7+ Kd8 46.
Rb7 Kc8 47. Re7 Bc6 48. Kd6 1-0

[Event "CRO-ch 6th"]
[Site "Pula"]
[Date "1998.01.14"]
[Round "6"]
[White "Levacic, Patrick"]
[Black "Rogulj, Branko"]
[Result "0-1"]
[WhiteElo "2365"]
[BlackElo "2430"]
[Annotator "Finkel,A"]
[PlyCount "76"]
[EventDate "1998.01.09"]
[EventType "tourn"]
[EventRounds "13"]
[EventCountry "CRO"]
[EventCategory "9"]
[SourceTitle "CBM 064"]
[Source "ChessBase"]
[SourceDate "1998.06.02"]
[SourceVersion "1"]
[SourceVersionDate "1998.06.02"]
[SourceQuality "1"]

1. e4 {Oratovsky,M,Finkel,A} Nf6 2. e5 Nd5 3. d4 d6 4. c4 Nb6 5. exd6 cxd6 6.
Nc3 g6 7. h3 Bg7 8. Nf3 O-O 9. Be3 Nc6 10. Rc1 e5 (10... d5 $5) (10... d5 $5
11. c5 Nc4 12. Bxc4 dxc4 13. O-O Bf5 14. Qa4 Bd3 15. Rfd1 $14 {Pytel,K-Gipslis,
A/POL/1970/} Nxd4 $2 16. Nxd4 Bxd4 17. Rxd3 $1 $16) 11. dxe5 dxe5 (11... Nxe5
$5 12. Nxe5 Bxe5 13. Be2 Be6 14. b3 d5 15. cxd5 Bxc3+ 16. Rxc3 Nxd5 17. Rd3
Nxe3 $1 $11 {Serper,G-Yermolinsky,A/Tilburg 1994 (56)}) 12. c5 (12. Qxd8 $6
Rxd8 13. Be2 Nd4 $15) 12... Nd7 (12... Qxd1+ 13. Rxd1 Nd7 14. Bc4 $16) 13. Bc4
Qa5 (13... h6 $5 14. O-O Kh7 15. Nd2 f5 16. f3 Nd4 17. Nb3 Nb8 18. Nb5 $1 Nxb5
$6 (18... Nbc6 19. N3xd4 Nxd4 20. Nd6 b6 21. b4 a5 22. a3 $13 {Pergel,L-Nataf,
I/WchJM-U16 Szeged 1994 (55)}) 19. Bxb5 Nc6 20. Qd6 Qe8 21. Na5 Rf6 22. Qd2 $14
{Zagrebelny,S-Varga,Z/Budapest ExpFS AprGM 1993 (46)}) (13... Nd4 $5 14. Ne4 b6
15. Bg5 Qc7 16. Be7 Bb7 $1 $13 {Grzesik,T-Hartmann,G/BL 1985 (28)}) 14. a3 e4
15. Nd2 (15. Nd4 Nxd4 16. Bxd4 Bxd4 17. Qxd4 Qxc5) 15... Nde5 $5 (15... Nxc5 $6
16. b4 Qxa3 17. Bxc5 Bxc3 18. Bxf8 Kxf8 19. b5 $16 {Zagrebelny,S-Remizov,J/
Sankt_Peterburg 1994}) 16. O-O Rd8 17. Qb3 $6 {Missing the opportunity to
fight for the advantage.} (17. Ncxe4 $1 Nxc4 18. Rxc4 Bxb2 19. Bg5 $1 Rf8 (
19... Rd5 20. Qb3 Bg7 21. Ra4 $18 {[%csl Rd5]}) (19... Re8 20. Bf6 $5 (20. Qb3
Bg7 21. Nd6 Rf8 22. Nxb7 Qc7 {[%csl Rb3,Rc4][%cal Gc6a5,Gc8e6]}) 20... Ne5 21.
Rc2 $16) 20. Bf6 $1 Be5 (20... Qxa3 21. Ra4 $18) 21. Nf3 $16 Bxf6 22. Nxf6+ Kg7
23. Qa1 $40 {[%cal Ga1g7]}) 17... Nd4 18. Qb4 Qxb4 19. axb4 Nd3 $1 $15 {
Seizing the initiative.} 20. Rb1 (20. Bxd3 $6 exd3 {[%cal Gd4c2,Gd4e2]} 21.
Bxd4 Rxd4 22. b5 Rb4 $17) 20... Nxb4 21. Ndxe4 Be6 22. Bxe6 Nxe6 23. Nb5 $6 (
23. Nd6 b6 {[%csl Rd6][%cal Rb6c5]}) 23... Nd5 {[%cal Gd5e3]} 24. Bg5 $2 {
After this move white's position becomes hopeless.More persistant was} (24. b4
$5 a5 25. bxa5 Nxe3 26. fxe3 f5 27. Ned6 Nxc5 28. Rfc1 (28. Rbc1 Bh6 $1 {
[%csl Re3]} (28... Nb3 29. Nxb7 Rdb8 30. Rc7 Nxa5 31. N7d6 $15) 29. Rf3 Nb3 30.
Rc7 Nxa5 31. Nxb7 Nxb7 32. Rxb7 Ra2 $17 {[%cal Gd8d2]}) 28... Bh6 29. Nc4 Rd3
$17) 24... f6 $1 25. Bc1 (25. Bh4 g5 26. Bg3 f5 27. Ned6 f4 28. Bh2 Nxc5 $19 {
[%csl Rh2]}) 25... f5 26. Ng5 Nxc5 $17 {Black is a pawn up and all his pieces
take dominating positions.} 27. b4 Ne4 28. Ne6 Rd7 29. Rd1 (29. Nxg7 Kxg7 30.
f3 $17) 29... a6 30. Nxg7 axb5 31. Bb2 Kf7 $1 $19 {[%csl Rg7] The rest is easy.
} 32. g4 fxg4 33. hxg4 Rad8 34. Rd4 Ndc3 35. Rxd7+ Rxd7 36. Re1 Rd1 37. Rxd1
Nxd1 38. Bd4 Ndxf2 0-1

[Event "RUS-Cup02"]
[Site "Moscow"]
[Date "1998.01.21"]
[Round "1"]
[White "Korneev, Oleg"]
[Black "Krivonogov, Alexander"]
[Result "1-0"]
[WhiteElo "2560"]
[BlackElo "2315"]
[Annotator "Finkel,A"]
[PlyCount "109"]
[EventDate "1998.01.21"]
[EventType "swiss"]
[EventRounds "9"]
[EventCountry "RUS"]
[SourceTitle "CBM 063"]
[Source "ChessBase"]
[SourceDate "1998.03.26"]
[SourceVersion "1"]
[SourceVersionDate "1998.03.26"]
[SourceQuality "1"]

1. e4 {Oratovsky M.} Nf6 2. e5 Nd5 3. d4 d6 4. Nf3 g6 5. Bc4 c6 6. O-O Bg7 7.
exd6 Qxd6 8. h3 O-O 9. Nbd2 Nd7 (9... Bf5 10. Re1 (10. Bb3 b5 $6 (10... Na6 $5
11. Re1 Rad8 12. Nc4 Qc7 13. Nce5 b5 $6 14. Qe2 Qb6 15. a4 $1 b4 16. a5 Qb7 17.
Qc4 $16 {Stocek,J-Freisler,P/CZE-ch 1993 (55)}) 11. Re1 Nb6 12. Ne4 Bxe4 13.
Rxe4 Nd5 14. a4 e6 15. Bg5 $14 {Kaula,R-Wielecki,Z/POL-ch Bielsko-Biala 1991/
1-0 (51)}) 10... Nd7 11. Bb3 h6 $6 (11... Rfe8) 12. Nh4 $1 Bxd4 13. Ne4 $1 Bxe4
14. Qxd4 (14. Rxe4 $2 Bg7) 14... N5f6 15. Rxe4 Nxe4 16. Qxe4 Nc5 $1 17. Qe2 $16
{Kavalek,L-Bohm,H/Wijk 1977 (29)}) 10. Bb3 Qc7 11. Re1 e5 $5 (11... N7f6 12.
Nc4 a5 (12... b5 13. Nce5 a5 14. a3 e6 15. Nd3 Nd7 16. Bg5 $14 {Berndt,
S-Schrems,H/RLNS 1991 (37)}) 13. a3 a4 14. Ba2 b5 15. Nce5 c5 16. dxc5 Qxc5 17.
Qd4 Qd6 18. Qh4 $14 {Kavalek,L-Ljubojevic,L/Las Palmas 1973 (55)}) 12. dxe5
Nxe5 13. Nxe5 Bxe5 14. Nf3 Bg7 15. c3 Be6 16. Bg5 {Inspite of seeming
simplicity the position is quiet tricky and black has to play accurately to
equalize.} (16. Nd4 Bd7 17. Bxd5 (17. Qf3 Rae8 18. Bg5 Re5 $11) 17... cxd5 18.
Qf3 Rfe8 19. Bf4 Qc4 $11) 16... Rfe8 $6 {Missing very interesting possibility
to reach an equality.} (16... h6 $1 17. Bh4 Nf4 $6 (17... Rfe8 18. Nd4 (18. Bg3
Qb6 19. Be5 Nf6 $11) 18... Bd7 19. Qf3 Bxd4 20. cxd4 Be6 21. Re5 Qd7 22. Rae1
$14 Nc7 23. Qf6 Bxb3 24. Re7 Qd5 25. axb3 Rac8 (25... Qxb3 $2 26. R1e3 $18) 26.
Bg3 Rxe7 27. Rxe7 Ne8 28. Qe5 $16) (17... Qb6 $1 {[%cal Gd5c7]} 18. Nd4 Bxd4
19. cxd4 Rae8 20. Qd2 Kg7 $13 {[%cal Gf7f6,Gg6g5]} 21. Re2 f6 22. Rae1 Bf7 $11)
18. Bg3 $16) 17. Nd4 Bd7 18. Qd2 $14 Rxe1+ 19. Rxe1 Re8 (19... Qa5 20. Bh6 Re8
(20... Bh8 21. Qd3 Re8 22. Rxe8+ Bxe8 23. Nf5 $1 $16 {[%cal Gb3d5,Gd3d5]}) 21.
Rxe8+ Bxe8 22. Bxg7 Kxg7 23. Qe2 Bd7 24. Qe5+ f6 25. Qd6 Qc7 {[%tqu "En","","",
"","d6a3","",5]} 26. Qa3 $1 {[%cal Ga3a7,Gb3d5,Ga3e7]} Qe5 (26... Qf4 27. Bxd5
cxd5 28. Qe7+ Kh6 29. g3 $18) 27. Qxa7 Qe1+ 28. Kh2 Qxf2 $4 29. Ne6+ $18) 20.
Rxe8+ Bxe8 21. Nf3 Qd7 22. Bxd5 cxd5 (22... Qxd5 23. Qe3 $1 Bd7 24. Qxa7 $16)
23. Bh6 Bh8 24. Be3 $1 b6 25. Bd4 $14 {Forcing black to make very unpleasent
choise between 25...B:d4 and 25...f6 in both cases with passive defensive
position.} f6 26. Qf4 {[%cal Gf4b8]} Qe7 27. Qb8 h5 28. Qa8 $1 {Suprisingly
the best square for a queen!} Qd7 29. Ne1 $16 {[%csl Ra7,Rd5][%cal Ge1c2,Gc2e3,
Gc2b4]} Kh7 30. Nc2 Bf7 31. Nb4 Bg7 (31... a5 32. Nc6 Qc7 (32... Be8 33. Nd8
Qf5 (33... Qc7 34. Qxd5) 34. Qa7+ Bg7 35. Qxb6 Qb1+ 36. Kh2 Qxa2 37. Bxf6 $18)
33. Nd8 Bg8 (33... Be8 34. Qxd5 $16) 34. Qb7 $18) 32. Nc6 Be8 33. Nxa7 f5 34.
Nc8 (34. Bxb6 $18) 34... Bxd4 35. cxd4 Qc7 36. Qa7 Qxa7 37. Nxa7 Bd7 38. f4 $1
$18 {The endgame is easily wining because black can't trap the knight.} h4 39.
Kf2 g5 40. a4 $1 Kh6 (40... gxf4 41. Kf3 Bxa4 42. Nc8 b5 43. Kxf4 Bc2 44. Nd6
Be4 45. Nxf5 Bxg2 46. Kg4 $18) 41. b4 Bxa4 42. Nc8 b5 43. Ne7 Bb3 44. Ke3 Bc4
45. Nxf5+ Kg6 46. Ne7+ Kf6 47. Nc6 Bf1 48. Kf2 Bc4 49. g4 $1 {Final zest in
very nice game.} gxf4 50. Ne5 Bb3 51. Nf3 Bc2 52. Nxh4 Be4 53. Nf3 Kg6 54. h4
Kf6 55. Ne1 {[%csl Rf4][%cal Ge1g2]} 1-0

[Event "USA-ch Gr-B"]
[Site "Salt Lake City"]
[Date "1999.08.23"]
[Round "1"]
[White "De Firmian, Nick E"]
[Black "Dzindzichashvili, Roman"]
[Result "1-0"]
[WhiteElo "2598"]
[BlackElo "2544"]
[Annotator "Finkel,A"]
[PlyCount "80"]
[EventDate "1999.08.05"]
[EventType "tourn"]
[EventRounds "7"]
[EventCountry "USA"]
[EventCategory "13"]
[SourceTitle "CBM 073"]
[Source "ChessBase"]
[SourceDate "1999.12.01"]
[SourceVersion "1"]
[SourceVersionDate "1999.12.01"]
[SourceQuality "1"]

1. e4 Nf6 2. e5 Nd5 3. d4 d6 4. Nf3 c6 5. c4 Nc7 6. Nc3 Bg4 7. h3 (7. exd6 exd6
8. Be2 (8. h3 Bh5 9. g4 (9. Be3 Be7 10. Be2 Nd7 11. g4 Bg6 12. h4 h5 13. g5 a6
14. d5 $1 $36 {Liss,E-Zilberman,Y/1st Israeli Supertournament 1999}) 9... Bg6
10. Qb3 b6 (10... Qc8 11. Nh4 Be7 12. Nxg6 fxg6 13. Be3 O-O 14. O-O-O Nd7 15.
Bg2 Rb8 16. Kb1 Kh8 17. f4 Nf6 18. Rhe1 Qd7 19. Bf2 $14 {1/2-1/2 Wall,T-Crouch,
C/It GMB 1998}) 11. Be3 Be7 12. Bg2 O-O 13. h4 h5 14. gxh5 Bxh5 15. Ng5 Re8 16.
Ne2 Bxe2 17. Kxe2 d5 18. Rag1 $40 {McShane,L-Baburin,A/Iona Tech Masters 1998})
8... Be7 9. O-O O-O 10. h3 Bh5 11. Be3 Nd7 12. Qd2 Re8 13. b4 $6 Nb6 14. g4 Bg6
15. a4 d5 16. c5 Nc4 $15 {Nunez Vallina,J-Miles,A/Oviedo rapid 1993}) 7... Bh5
8. g4 Bg6 9. Bf4 e6 $6 (9... Nd7) 10. h4 d5 $2 {Serious mistake with
distructive consequances.} (10... h5 11. exd6 Bxd6 12. Bxd6 Qxd6 13. Ne5 $36) (
10... h6 $5) 11. h5 Be4 12. Nxe4 dxe4 13. Ng5 Bb4+ ({Nothing changes} 13... f5
14. exf6 Qxf6 15. Be3 Bb4+ 16. Ke2 $16) 14. Ke2 f5 15. exf6 Qxf6 16. Be3 O-O ({
Even worse is} 16... e5 17. Nxe4 Qe6 18. dxe5 Qxc4+ (18... Qxe5 19. Qd4 $16)
19. Kf3 Qe6 (19... O-O+ 20. Nf6+ $1 $18 {[%cal Gf1c4]}) 20. Nd6+ Bxd6 21. Qxd6
$18 {with decisive advantage.}) 17. Bg2 (17. Nxe4 $4 Qf3+ $19 {[%cal Gf3h1]})
17... e5 18. Bxe4 (18. Nxe4 Qe6 {[%cal Ge6g4,Ge6c4]} 19. dxe5 Qxc4+ 20. Qd3
Qxd3+ 21. Kxd3 Nd5 $16) 18... exd4 19. Qxd4 $6 {Inaccuracy.Not so convincing is
} (19. Nxh7 Qe7 20. Nxf8 (20. Qxd4 $2 Rd8 $17 {[%csl Rd4]}) 20... dxe3 21. Bh7+
Kxf8 22. fxe3 $16 {,but siimple}) (19. Bxh7+ $1 Kh8 20. Qxd4 c5 (20... Qxd4 21.
Bxd4 Be7 22. h6 $18) 21. Qd1 $18 {would be lethal.}) 19... h6 20. Qxf6 Rxf6 21.
Nf3 $16 Nba6 22. Rad1 Ne6 23. Bf5 {White is not only a pawn up,but his pieces
are perfectly placed.} (23. a3 Bc5 24. b4 Bxe3 25. fxe3 Re8 26. Bf5 $18) 23...
Bc5 24. Ne5 {[%cal Ge5d7]} Bxe3 25. fxe3 Ng5 26. Rd4 Nc5 27. Rhd1 Re8 (27... a5
28. Nd7 Nxd7 29. Rxd7 Rb8 30. c5 $18) 28. Nd7 $5 {Depriving the queenside of
black its only defender.} Nxd7 29. Rxd7 Ne4 30. Bg6 (30. Rd8 $5) 30... Ng3+ 31.
Kd3 Ref8 32. Rd2 b5 33. Rxa7 $18 Nf1 34. Re2 Ng3 35. Rd2 Nf1 36. Re2 Ng3 37.
Rc2 b4 38. c5 Rd8+ 39. Kc4 Nf1 40. Re2 Rf3 1-0

[Event "Hotel Agro GM"]
[Site "Budapest"]
[Date "1999.08.02"]
[Round "4"]
[White "Borgo, Giulio"]
[Black "Varga, Zoltan"]
[Result "1-0"]
[WhiteElo "2444"]
[BlackElo "2541"]
[Annotator "Finkel,A"]
[PlyCount "103"]
[EventDate "1999.08.05"]
[EventType "tourn"]
[EventRounds "9"]
[EventCountry "HUN"]
[EventCategory "10"]
[SourceTitle "CBM 073"]
[Source "ChessBase"]
[SourceDate "1999.12.01"]
[SourceVersion "1"]
[SourceVersionDate "1999.12.01"]
[SourceQuality "1"]

1. e4 Nf6 2. e5 Nd5 3. d4 d6 4. Nf3 g6 5. Bc4 Nb6 6. Bb3 d5 7. h3 (7. O-O Bg7
8. h3 O-O 9. Re1 (9. a4 Nc6 10. Qe2 Na5 11. Ba2 a6 12. b4 Nc6 13. a5 $14 {
Jens,J-Rakazovic,Z/Hilton Open 1999}) 9... a5 10. a4 Na6 11. Nbd2 c5 12. c3
cxd4 13. Nxd4 Nc5 14. Bc2 $14 {Hatanbaatar,B-Hurelbaatar,C/Mongolia-ch 1994})
7... Bg7 8. a4 a5 9. O-O O-O 10. Re1 (10. Nc3 Na6 11. Bf4 h6 12. Re1 Bf5 13.
Qd2 g5 14. Bg3 $14 {Heinatz,T-Varga,Z/EUCup f 1996}) 10... c6 (10... Na6 11.
Bd2 Nb8 12. Nc3 c6 13. Qe2 Na6 14. Be3 Nc7 15. Qd2 Nc4 16. Bxc4 dxc4 17. Bh6
$14 {Smagin,S-Marinkovic,I/Cacak 1991}) (10... Nc6 11. c3 f6 12. exf6 exf6 13.
Nbd2 Re8 14. Nf1 Be6 15. Bf4 Qd7 16. Bc2 Nc4 17. b3 Nd6 18. Ng3 Ne7 $11 {
Dimitrijevic,V-Levitina,I/USA-chW 1994}) 11. Nc3 Na6 12. Ne2 Nc7 13. c3 Ne6 (
13... Nc4 14. Bc2 b5 15. b3 Nb6 16. Nf4 bxa4 17. bxa4 Nc4 18. Rb1 f6 19. e6 $1
$36 {Adams,M-Dunnington,A/Haringey 1989}) 14. Bc2 f5 15. exf6 {More ambitious
is} (15. Nf4 $5 Nxf4 16. Bxf4 h6 17. h4 Be6 18. Qd2 Kh7 19. b3 $14 {with
advantage in space.}) 15... exf6 16. Nf4 {White tries to simplify the position
and move by move loses his adventage.} (16. b3 Re8 17. Qd2 Qd7 18. Ba3 Qf7 19.
Ng3 Bd7 20. Re2 $14) 16... Qd6 17. Nxe6 Bxe6 18. b3 Rfe8 19. Ba3 ({Deserved
attention} 19. Qd2 $5 {,but anyway black doesn't seem to face any problems.})
19... Qf4 20. Bd3 Bf8 21. Bxf8 Kxf8 22. Qd2 Qxd2 23. Nxd2 Bf7 $11 24. f3 (24.
f4) 24... Rxe1+ 25. Rxe1 Re8 26. Rc1 ({Of course not} 26. Rb1 $2 Re3 $17 {
[%cal Ge3c3] and blacck wins a pawn.}) 26... Ke7 (26... Nd7) 27. Kf2 Kd6 28. h4
h6 29. f4 Nc8 30. c4 Ne7 ({Slightly more accurate was} 30... dxc4 $5 31. bxc4
Kc7 $5 {in both cases with sufficient counterchanses.} (31... b6 32. Ne4+ (32.
c5+ Kc7 33. Be4 $6 b5 34. axb5 cxb5 35. d5 $2 Bxd5 36. Bxd5 Rd8 {[%cal Gd8d2]}
37. Nc4 Rxd5 38. Nxa5 Rd2+ 39. Kf1 Ne7 $15) 32... Ke7 33. Re1 Rd8 34. Ng5+ Kf8
35. Nxf7 Kxf7 $132)) 31. Nf1 dxc4 32. bxc4 Kc7 33. Re1 Nc8 34. Rxe8 Bxe8 35. c5
b5 $6 {Too optimistic.} (35... Ne7 36. Ne3 Bf7 37. Bc2 h5 38. g4 $14) 36. axb5
cxb5 37. d5 $36 {[%csl Rc8,Re8][%cal Gf2d4]} a4 (37... b4 38. Ke3 a4 39. Nd2 (
39. Kd4 a3 40. Nd2) 39... Na7 40. Kd4 a3 41. Bb1 Nb5+ 42. Kc4 Nc3) 38. Ke3 a3
39. Bb1 b4 40. Nd2 Bf7 $2 {Better was} (40... Na7) 41. Ba2 Kd8 42. Ne4 Ne7 $2 {
After this mistake white easily gets decisive advantage.} (42... f5 {[%csl Re5]
} 43. Nd2 $1 (43. Nf6 $2 Na7 $1 {[%cal Ga7b5,Gb5c3]} (43... Ke7 $2 44. d6+ $1
Kxf6 45. d7 $18) 44. Kd4 Nb5+ 45. Ke5 Nc3 $19) 43... Na7 (43... Ne7 44. Kd4 Bg8
45. Ke5 Nc6+ 46. Kd6 Nd4 47. Bc4 $1 $18) 44. Nf3 $1 (44. Bc4 Nb5 $1 45. Kd3 $1
Nc3 46. Kd4 Kd7 $15) 44... Nb5 (44... Nc6 45. Ne5 Nxe5 46. fxe5 g5 47. e6 $18 {
[%cal Ge3d4,Gd4f6]}) 45. Ne5 Ke8 46. Bb3 $5 $16 (46. c6 Bg8 $1 47. Bb3 Kd8 48.
Nd3 Bf7 $1 (48... Kc7 $2 49. d6+ $18) 49. Nxb4 Kc7 $132)) 43. Nxf6 Nf5+ 44. Ke4
Nxh4 45. Ng4 $1 {[%cal Gg4e5]} Nxg2 46. Ne5 Be8 47. d6 $18 {[%csl Re8,Rg2]
[%cal Ga2e6,Gc5c7] Nothing can stop white pawns.} h5 48. Be6 Bd7 49. Nxd7 a2
50. c6 a1=Q 51. c7+ Kc8 52. Nc5# 1-0